Breve historia del Ejército Rojo /
Sábháilte in:
| Príomhchruthaitheoir: | |
|---|---|
| Formáid: | Leictreonach Ríomhleabhar |
| Teanga: | Spáinnis |
| Foilsithe / Cruthaithe: |
Madrid :
Nowtilus,
[2022]
|
| Sraith: | Breve historia (Ediciones Nowtilus S.L.)
Breve historia de los ejércitos ; 10. |
| Ábhair: | |
| Rochtain ar líne: | Digitalia Hispánica |
| Clibeanna: |
Cuir clib leis
Níl clibeanna ann, Bí ar an gcéad duine le clib a chur leis an taifead seo!
|
MARC
| LEADER | 00000nam a2200000Ii 4500 | ||
|---|---|---|---|
| 001 | DIGNOWT0452 | ||
| 003 | NyNyDIG | ||
| 006 | m o d | ||
| 007 | cr ||||||||||| | ||
| 008 | 250707s2022 sp a ob 000 0 spa d | ||
| 035 | |a (OCoLC)1527022385 | ||
| 040 | |a DGITA |b eng |e rda |e pn |c DGITA | ||
| 020 | |a 9788413053011 |q edición digital | ||
| 020 | |z 9788413052991 | ||
| 043 | |a e-ur--- | ||
| 050 | 1 | 4 | |a DK54 ebook |
| 100 | 1 | |a Moreno Sanz, Vicente, |e author. | |
| 245 | 1 | 3 | |a Breve historia del Ejército Rojo / |c Vicente Moreno Sanz. |
| 246 | 3 | 0 | |a Ejército Rojo |
| 264 | 1 | |a Madrid : |b Nowtilus, |c [2022] | |
| 300 | |a 1 online resource : |b illustrations. | ||
| 336 | |a text |b txt |2 rdacontent | ||
| 337 | |a computer |b c |2 rdamedia | ||
| 338 | |a online resource |b cr |2 rdacarrier | ||
| 347 | |a text file |2 rdaft | ||
| 347 | |b EPUB | ||
| 490 | 1 | |a Colección: Breve Historia | |
| 490 | 1 | |a Breve historia de los ejércitos ; |v 10 | |
| 504 | |a Includes bibliographical references. | ||
| 588 | 0 | |a Online resource; title from ePub title page (Digitalia, viewed July 7, 2025) | |
| 651 | 0 | |a Soviet Union |x History, Military. | |
| 791 | 2 | |a Digitalia (Firm), |e distributor. | |
| 793 | 0 | |g Digitalia eBook Collection: |a Ediciones Nowtilus | |
| 776 | 0 | 8 | |i Print version: |a Moreno Sanz, Vicente. |t Breve historia del Ejército Rojo. |d Madrid : Nowtilus, [2022] |z 9788413052991 |
| 830 | 0 | |a Breve historia (Ediciones Nowtilus S.L.) | |
| 830 | 0 | |a Breve historia de los ejércitos ; |v 10. | |
| 856 | 4 | 0 | |3 Digitalia Hispánica |u https://digitalia.unach.elogim.com/a/171980/ |
| 910 | |a Premium collection: 2025 | ||